all alien and predator movies (2025) - Statistics

General Stats
  • This quiz has been taken 59 times
    15 since last reset
  • The average score is 16 of 17
Answer Stats
Hint Answer % Correct
1979 alien
100%
1992 alien 3
100%
2025 tv show alien earth
100%
2024 alien romulus
100%
1986 aliens
100%
2004 alien vs predator
100%
1987 predator
100%
2018 the predator
100%
2017 alien covenant
89%
1997 alien resurrection
89%
2007 alien vs predator requiem
89%
1990 predator 2
89%
2010 predators
89%
2022 prey
89%
2012 prometheus
89%
2025 predator badlands
67%
2025 predator killer of killers
67%
No matching quizzes found
Score Distribution
Percent of People with Each Score
Percentile by Number Answered
Your Score History
You have not taken this quiz since the last reset